000 01004 a2200193 4500
003 NALT
005 20251107093802.0
008 240524b th ||||| |||| 00| 0 tha d
040 _aNALT
245 0 0 _aรวมกฎหมายหลักทั้งปี พ.ศ. 2558 พระราชบัญญัติ /
_cจัดทำโดย สำนักพิมพ์สูตรไพศาล ; ฐาน ธนชัยวิวัฒน์, บรรณาธิการ.
_h[electronic resource]
260 _aกรุงเทพ ฯ :
_bสูตรไพศาล,
_c2563.
300 _aOnline resource
520 _aรวมกฎหมายหลัก ปี พ.ศ. 2558 พระราชบัญญัติ.
650 4 _aกฎหมาย
_zไทย
_y2558
_965198
700 0 _aฐาน ธนชัยวิวัฒน์.
_951566
856 4 0 _uhttps://ebook.parliament.go.th/ebookall/detail/431880
_zE-Book
942 _2lcc
_cEBK
996 _ai002
_bCATSTF
_c2024-05-31
999 _c102930
_d102930
998 _j1020
_k นางจำเรียง ระวังสำโรง